| 000 | 00905cam a22003131 4500 | ||
|---|---|---|---|
| 001 | 6989453 | ||
| 003 | LC | ||
| 005 | 20160223101741.0 | ||
| 008 | 720907s1954 xx 000 0 eng | ||
| 010 | _a 55022844 | ||
| 015 | _aGB54-12194 | ||
| 035 | _a(OCoLC)401180 | ||
| 040 |
_aDLC _cOU _dUk _dDLC |
||
| 050 | 0 | 0 |
_aPR 6013 _b.G619 1954 |
| 082 |
_aFIC _bG56lo 1954 |
||
| 100 | 1 |
_aGolding, William, _d1911-1993. _918595 |
|
| 245 | 1 | 0 |
_aLord of the flies : _ba novel _cGolding, William. |
| 260 |
_aLondon, _bFaber and Faber. _cc1954. |
||
| 300 |
_a248 p. _c20 cm. |
||
| 650 | 0 |
_aSurvival _vFiction. _918596 |
|
| 650 | 0 |
_aRegression (Psychology) _vFiction. _918597 |
|
| 650 | 0 |
_aIslands _vFiction. _918598 |
|
| 650 | 0 |
_aBoys _vFiction. _918599 |
|
| 655 | 7 |
_aPsychological fiction. _2lcsh _92883 |
|
| 906 |
_a7 _bcbc _coclcrpl _du _encip _f19 _gy-gencatlg |
||
| 942 |
_2lcc _cBK |
||
| 999 |
_c65 _d65 |
||